00354nam a22000977a 4500008004100000020001500041082002100056245009300077260007300170300001300243230627b xxu||||| |||| 00| 0 eng d a9966949399 a338.47bIKI 2002 aDeveloping a Revised Strategy for Kenya's Cotton-Textile Industry:A Value Chain Approach aKenyabKenya Institute for Public Policy Research and Analysisc2002 aVIII,96p